00699cam a22002174a 45000010009000000050017000090080041000260100017000670200015000840400018000990410008001170420008001250800021001330820025001541000007001791010008001862450127001942460070003212460038003915040052004291212017420180123044804.0000727s2000 wiu b 000 0 eng  a 00061069  a189185934X aDLCcDLCdDLC aeng apcc a371.3344678 don00a371.3344678 don2211 a46 aedu10a147 practical tips for teaching online groups :cby Donald E. Hanna, Michelle Glowacki-Dudka, Simone Conceição-Runlee.3 aOne hundred forty-seven practical tips for teaching online groups30aEssentials of Web-based education aIncludes bibliographical references (p. 71-74).